Rethinking International Trade

Gespeichert in:
Bibliographische Detailangaben
1. Verfasser: Krugman, Paul R.
Format: Buch
Sprache:Englisch
Veröffentlicht: Cambridge The MIT Press 1994
Ausgabe:1. ed., 4. print.
Schlagworte:
Tags: Tag hinzufügen
Keine Tags, Fügen Sie das erste Tag hinzu!

MARC

LEADER 00000nam a2200000 4500
001 c014783
005 20221214074742.0
020 |a 0-262-61095-7 
041 0 |a eng 
044 |a US 
245 1 0 |a Rethinking International Trade  |c Paul R. Krugman 
250 |a 1. ed., 4. print. 
264 1 |a Cambridge  |b The MIT Press  |c 1994 
300 |a 282 s. 
610 2 0 |a obchod medzinárodný 
610 2 0 |a konkurencia 
610 2 0 |a konkurencia medzinárodná 
610 2 0 |a kongresy 
100 1 |a Krugman, Paul R.